| 000 | 00373nam a2200157Ia 4500 | ||
|---|---|---|---|
| 008 | 230524s9999 xx 000 0 und d | ||
| 082 |
_a5.73 _bBAL |
||
| 100 | _aG.S.Baluja | ||
| 245 | 0 | _aData Structures Through C | |
| 250 | _a4 | ||
| 260 |
_aNew Delhi _bDhanpati Rai _c2010 |
||
| 300 | _a"XI,649p;" | ||
| 500 | _aQuantity Number: 1 | ||
| 650 | _aComp-Sc | ||
| 942 | _cBK | ||
| 999 |
_c56389 _d56389 |
||